| 000 | 00476nam a2200181Ia 4500 | ||
|---|---|---|---|
| 008 | 230711s9999||||xx |||||||||||||| ||und|| | ||
| 020 | _a978-0333-92548-5 | ||
| 041 | _aENG | ||
| 082 |
_a530.5 _bGH-M |
||
| 100 | _aGhatak,A K | ||
| 245 | 0 | _aMathematical Physics : differential equations and transform theory | |
| 250 | _a1st Ed. | ||
| 260 |
_c2012 _aNew Delhi _bMacMillan Publications Pvt.Ltd |
||
| 300 | _a613p. | ||
| 650 | _aPhysics | ||
| 700 | _aGoyal I C | ||
| 942 | _cBK | ||
| 999 |
_c5777 _d5777 |
||